<?xml version="1.0" encoding="UTF-8"?>
<record
    xmlns:xsi="http://www.w3.org/2001/XMLSchema-instance"
    xsi:schemaLocation="http://www.loc.gov/MARC21/slim http://www.loc.gov/standards/marcxml/schema/MARC21slim.xsd"
    xmlns="http://www.loc.gov/MARC21/slim">

  <leader>00780cam a22002411  4500</leader>
  <controlfield tag="001">ne 68001619 </controlfield>
  <controlfield tag="003">DLC</controlfield>
  <controlfield tag="005">20260227111841.0</controlfield>
  <controlfield tag="008">710901q19501959ua       d    00010 eng  </controlfield>
  <datafield tag="010" ind1=" " ind2=" ">
    <subfield code="a">ne 68001619 //r872</subfield>
  </datafield>
  <datafield tag="041" ind1="0" ind2=" ">
    <subfield code="a">engara</subfield>
  </datafield>
  <datafield tag="050" ind1="0" ind2=" ">
    <subfield code="a">HF1002</subfield>
    <subfield code="b">.A17 1950z</subfield>
  </datafield>
  <datafield tag="100" ind1="2" ind2="0">
    <subfield code="a">&#x2BB;Abd al-Sayyid, Yass&#x101;.</subfield>
  </datafield>
  <datafield tag="245" ind1="0" ind2="0">
    <subfield code="a">Commercial dictionary, English-Arabic,</subfield>
    <subfield code="c">by Yassa Abdel Sayed.</subfield>
  </datafield>
  <datafield tag="250" ind1=" " ind2=" ">
    <subfield code="a">3d ed.</subfield>
  </datafield>
  <datafield tag="260" ind1="0" ind2=" ">
    <subfield code="a">Cairo,</subfield>
    <subfield code="b">Dar el-Hana</subfield>
    <subfield code="c">[195-]</subfield>
  </datafield>
  <datafield tag="300" ind1=" " ind2=" ">
    <subfield code="a">240 p.</subfield>
    <subfield code="c">17 cm.</subfield>
  </datafield>
  <datafield tag="490" ind1="0" ind2=" ">
    <subfield code="a">His [Maktabat al-t&#x101;jir wa-al-mu&#x1E25;&#x101;sib]</subfield>
  </datafield>
  <datafield tag="500" ind1=" " ind2=" ">
    <subfield code="a">Added t.p.: [al-Q&#x101;m&#x16B;s al-tij&#x101;r&#x12B;, Injil&#x12B;z&#x12B;-&#x2BB;Arab&#x12B;, li-Yass&#xE1; &#x2BB;Abd al-Sayyid]</subfield>
  </datafield>
  <datafield tag="650" ind1=" " ind2="0">
    <subfield code="a">Commerce</subfield>
    <subfield code="x">Dictionaries.</subfield>
  </datafield>
  <datafield tag="650" ind1=" " ind2="0">
    <subfield code="a">English language</subfield>
    <subfield code="x">Dictionaries</subfield>
    <subfield code="x">Arabic.</subfield>
  </datafield>
  <datafield tag="740" ind1="0" ind2="1">
    <subfield code="a">Q&#x101;m&#x16B;s al-tij&#x101;r&#x12B;.</subfield>
  </datafield>
  <datafield tag="999" ind1=" " ind2=" ">
    <subfield code="c">50337</subfield>
    <subfield code="d">50337</subfield>
  </datafield>
</record>
